000 00188nam a2200097 4500
082 _aNOV
100 _aNovell Application
245 _aPresentations Graphics
260 _c1990.
942 _cBK
999 _c9276
_d9276